000 00369nam a2200133Ia 4500
008 151001s9999||||xx |||||||||||||| ||und||
100 _aश्याम फडके
245 _aतीन एकांकिका
250 _a1
260 _bप्रेस्टीज पब्लिकेशन पुणे
260 _c1969
300 _a65
365 _b18
999 _c957530
_d957527